000 00791nam a2200193 a 4500
008 100329s1999 ||||||||||||||||| || u
020 _a0256253676
050 _aHG 1811 Cor
100 _aCornett, Marcia Milion
245 1 0 _aFundamentals of financial institutions management
_cMarcia Millon Cornett, Anthony Saunders
260 _aBoston
_bIrwin/McGraw-Hill
_c1999
300 _axxii, 762p.: ill.
350 _a0.00
490 _aThe Irwin/McGraw-Hill series in finance, insurance, and real estate
650 _aFINANCIAL INSTITUTIONS
650 0 _aFINANCE--DEVELOPING COUNTRIES
700 _aSaunders, Anthony
995 _D0.00
_FCBU-MAIN LIBRARY (Kitwe)
_H1
_I0.00
_M1
_UAVAILABLE
_WMay 12, 2010
_ZMain Library Open Access Collection
999 _c44148
_d44148